| 000 | 01120nam a2200289 i 4500 | ||
|---|---|---|---|
| 001 | 11891 | ||
| 003 | ES-MaACL | ||
| 005 | 20250928131003.0 | ||
| 007 | t| | ||
| 008 | 940214r19951996sp |||| | spa | ||
| 020 | _a84-470-0603-4 | ||
| 080 | _a338.1(460)(075.8) | ||
| 245 | 0 | 0 |
_aLecciones de economía española / _cJosé Luis García Delgado (director) ; Rafael Myro y José A. Martínez Serrano (codirectores) ; José Antonio Alonso ... [et al.]. |
| 250 | _a2ª ed., 1ª reimp. | ||
| 260 |
_aMadrid : _bCivitas, _c1995 ( _g1996 imp.) |
||
| 300 |
_a640 p. ; _c24 cm. |
||
| 490 | 1 |
_aBiblioteca Civitas economía y empresa. Colección economía ; _v4 |
|
| 651 | 4 |
_aEspaña- _xSituación económica. _98498 |
|
| 651 | 4 |
_aEspaña- _xPolítica económica. _98405 |
|
| 700 | 1 |
_aGarcía Delgado, José Luis. _954528 |
|
| 700 | 1 |
_aMyro, Rafael. _984768 |
|
| 700 | 1 |
_aMartínez Serrano, José A. _978425 |
|
| 700 | 1 |
_aAlonso, José Antonio, _d1954- _920213 |
|
| 830 | 1 | 0 |
_aBiblioteca Civitas economía y empresa. _pColección economía _v4 _9179738 |
| 852 |
_aES-MaACL _jL-19133 |
||
| 999 |
_c11891 _d11891 |
||